Countries whose Capitals are NOT their biggest cities - Statistics

General Stats
  • This quiz has been taken 362 times
    324 since last reset
  • The average score is 19 of 38
Answer Stats
Answer % Correct
United States
97%
Brazil
96%
Australia
93%
Canada
92%
China
85%
South Africa
85%
India
83%
New Zealand
83%
Nigeria
79%
Turkey
75%
Pakistan
70%
Switzerland
64%
Vietnam
64%
Morocco
63%
United Arab Emirates
58%
Burma
56%
Tanzania
55%
Bolivia
53%
Kazakhstan
52%
Sri Lanka
47%
Ecuador
43%
Ivory Coast
43%
Belize
39%
Benin
33%
Syria
32%
Cameroon
31%
Liechtenstein
30%
San Marino
26%
Palau
25%
Sudan
25%
Malta
24%
Nauru
22%
Micronesia
19%
Philippines
17%
Trinidad and Tobago
16%
Malawi
13%
Equatorial Guinea
11%
Gambia
10%
No matching quizzes found
Score Distribution
Percent of People with Each Score
Percentile by Number Answered
Your Score History
You have not taken this quiz since the last reset